书目信息 |
| 题名: |
超级生活美语
|
|
| 作者: | D.雪莉 编著 | |
| 分册: | ||
| 出版信息: | 北京 北京大学出版社 1998.10 |
|
| 页数: | 243页 | |
| 开本: | 32开 | |
| 丛书名: | ||
| 单 册: | ||
| 中图分类: | H319.9 | |
| 科图分类: | ||
| 主题词: | 英语 | |
| 电子资源: | ||
| ISBN: | 7-301-03881-X | |
| 000 | 00556nam0 2200193 45 | |
| 001 | 0003101599 | |
| 005 | 20000729102625.1 | |
| 010 | @a7-301-03881-X@d11.00元 | |
| 100 | @a20000310d1998 km y0chiy0120 ea | |
| 101 | @achi | |
| 105 | @a z 000yy | |
| 200 | 1 | @a超级生活美语@AChao Ji Sheng Huo Mei Yu@fD.雪莉,苏雅敏编著@FD.Xue Li,Su Ya Min Bian Zhu |
| 210 | @a北京@c北京大学出版社@d1998.10 | |
| 215 | @a243页@d32开 | |
| 606 | 0 | @a英语 |
| 690 | @aH319.9@v3 | |
| 701 | @aD.雪莉@4编著 | |
| 801 | @aCN@bPftUser@c20000310 | |
| 905 | @dH319.9@eS543/4@b82009-013@f5 | |
| 超级生活美语/D.雪莉,苏雅敏编著.-北京:北京大学出版社,1998.10 |
| 243页;32开 |
| ISBN 7-301-03881-X:11.00元 |
| ● |
| 相关链接 |
|
|
|
正题名:超级生活美语
索取号:H319.9/S543/4
 
预约/预借
| 序号 | 登录号 | 条形码 | 馆藏地/架位号 | 状态 | 备注 |
| 1 | 82009 | 200820095 | 语言库209/209语言库 107排1列5层/ [索取号:H319.9/S543/4] | 在馆 | |
| 2 | 82010 | 200820102 | 语言库209/209语言库 107排1列5层/ [索取号:H319.9/S543/4] | 在馆 | |
| 3 | 82011 | 200820111 | 语言库209/209语言库 107排1列5层/ [索取号:H319.9/S543/4] | 在馆 | |
| 4 | 82012 | 200820120 | 语言库209/209语言库 107排1列5层/ [索取号:H319.9/S543/4] | 在馆 | |
| 5 | 82013 | 200820139 | 语言库209/209语言库 107排1列5层/ [索取号:H319.9/S543/4] | 在馆 |